| 000 | 00525nmm a2200169Ia 4500 | ||
|---|---|---|---|
| 008 | 251105s9999||||xx |||||||||||||||||und|| | ||
| 020 | _a9788437067230 | ||
| 041 | _aspa | ||
| 100 | _aMontoya Saenz, José | ||
| 245 | 0 | _aReivindicación de la filosofía moral | |
| 264 |
_a[Madrid, España] : _bPublicaciones de la Universidad de Valencia (PUV), _c2007 |
||
| 300 | _a32 páginas | ||
| 490 | _aDiscurs d'Obertura | ||
| 650 | _aPhilosophy, Ethics | ||
| 856 | _uhttps://public.digitaliapublishing.com/a/35134 | ||
| 942 | _cCF | ||
| 999 |
_c82387 _d82387 |
||